| 000 | 00448nam a2200169Ia 4500 | ||
|---|---|---|---|
| 008 | 230917s9999||||xx |||||||||||||| ||und|| | ||
| 020 | _cRS425 | ||
| 040 |
_e229911 _aMAIN |
||
| 041 | _aEnglish | ||
| 082 | _a657.48 M278F | ||
| 100 | _aMaheshwari, S N | ||
| 245 | 0 | _aFinancial accounting for B B A | |
| 260 |
_aNew Delhi _bVikas Publishing _c2010 |
||
| 300 | _av. p. | ||
| 500 | _a2227 24/12/2015 HBD15/1244 31/12/2015 Main Budget | ||
| 942 | _cBK | ||
| 999 |
_c17056 _d17056 |
||